Biometry

Αποθηκεύτηκε σε:
Λεπτομέρειες βιβλιογραφικής εγγραφής
Κύριος συγγραφέας: Sokal, Robert R.
Άλλοι συγγραφείς: Rohlf, F. James 1936-
Μορφή: Βιβλίο
Γλώσσα:English
Δημοσίευση: New York : W. H. Freeman , 1981
Έκδοση:2nd ed.
Θέματα:
Ετικέτες: Προσθήκη ετικέτας
Δεν υπάρχουν, Καταχωρήστε ετικέτα πρώτοι!

MARC

LEADER 00000nam a2200000 i 4500
001 1/93541
008 940525s1981 eng d
020 |a 0-7167-1254-7 
035 |l 10008866 
040 |a GR-MY-UA  |b gre  |e aacr 
041 0 |a eng 
082 0 |a 574.072 
100 1 |a Sokal, Robert R. 
245 1 0 |a Biometry /  |c Robert R. Sokal; F. James Rohlf 
250 |a 2nd ed. 
260 |a New York :   |b W. H. Freeman ,   |c 1981 
300 |a xviii, 859 σ.;  |b εικ.;  |c 24 εκ. 
500 |a Περιέχει βιβλιογραφικές παραπομπές (σ. 826-837) και ευρετήριο 
650 0 0 |a Biometry. 
700 1 |a Rohlf, F. James  |d 1936- 
852 |a INST  |b LESVOS  |e 19940525  |h 574.072 SOK  |p 005100006002  |q 005100006002  |t BK  |y 0 
909 |a Λ  |b 018681